[Event "Sofia MGU op 169th"]
[Site "Sofia"]
[Date "2016.06.25"]
[Round "1"]
[White "Stoilov, Aleksandar"]
[Black "Nikolova, Angelika"]
[Result "1-0"]
[WhiteElo "1842"]
[BlackElo "1122"]
[PlyCount "47"]
[EventDate "2016.06.25"]
[EventType "swiss"]
[EventRounds "6"]
[EventCountry "BUL"]
[SourceTitle "CBM 173 Extra"]
[Source "ChessBase"]
[SourceDate "2016.08.29"]
[SourceVersion "1"]
[SourceVersionDate "2016.08.29"]
[SourceQuality "1"]

1. e4 c5 2. Nf3 e6 3. d4 cxd4 4. Nxd4 Nf6 5. Nc3 d6 6. g4 h6 7. Rg1 a6 8. h4 b5 9. g5 hxg5 10. hxg5 Nfd7 11. g6 Qf6 12. gxf7+ Qxf7 13. Be3 Bb7 14. Qg4 e5 15. Ne6 Nf6 16. Nxg7+ Kd8 17. Bb6+ Ke7 18. Nf5+ Ke8 19. Qd1 b4 20. Nxd6+ Bxd6 21. Qxd6 Nc6 22. Nd5 Rc8 23. Nxf6+ Qxf6 24. Qxf6 1-0

[Event "Sofia MGU op 161st"]
[Site "Sofia"]
[Date "2016.01.17"]
[Round "4"]
[White "Stoilov, Aleksandar"]
[Black "Metev, Martin"]
[Result "0-1"]
[WhiteElo "1840"]
[BlackElo "2018"]
[PlyCount "112"]
[EventDate "2016.01.16"]
[EventType "swiss"]
[EventRounds "6"]
[EventCountry "BUL"]
[SourceTitle "CBM 170 Extra"]
[Source "ChessBase"]
[SourceDate "2016.02.25"]
[SourceVersion "1"]
[SourceVersionDate "2016.02.25"]
[SourceQuality "1"]

1. e4 e6 2. d4 d5 3. Nd2 dxe4 4. Nxe4 Nd7 5. Bd3 Ngf6 6. Nf3 Be7 7. 0-0 0-0 8. c3 b6 9. Bg5 Bb7 10. Nxf6+ Bxf6 11. Bxf6 Qxf6 12. Re1 Bxf3 13. Qxf3 Qxf3 14. gxf3 Rfd8 15. Be4 Rac8 16. Bc6 Kf8 17. f4 Nf6 18. f5 exf5 19. Re5 g6 20. Rae1 Rd6 21. d5 Rcd8 22. c4 Rc8 23. f3 Rdd8 24. Bb7 Rb8 25. Bc6 Nd7 26. R5e2 a6 27. Kf1 Nc5 28. Rd2 Nb7 29. b4 Nd6 30. Rc2 Nc8 31. Ba4 b5 32. cxb5 axb5 33. Bb3 Rd7 34. Rec1 Rb7 35. Rc5 Nd6 36. Rc6 f4 37. Kf2 Nf5 38. Ra6 Ne3 39. Ra8+ Kg7 40. Rc5 Nf5 41. a3 Nd4 42. Bd1 Re7 43. d6 cxd6 44. Rd5 Nf5 45. Ra5 Re5 46. Rd2 Rbe7 47. a4 bxa4 48. Bxa4 Ne3 49. Bb3 Rb7 50. Ra4 Nf5 51. Bd1 Reb5 52. Rb2 Ne3 53. Be2 g5 54. Bxb5 Nd1+ 55. Ke2 Nxb2 56. Ra5 Rc7 0-1

[Event "Sofia MGU op 133rd"]
[Site "Sofia"]
[Date "2015.01.25"]
[Round "5"]
[White "Slavejkov, Anton"]
[Black "Stoilov, Aleksandar"]
[Result "1-0"]
[WhiteElo "1779"]
[BlackElo "1815"]
[PlyCount "65"]
[EventDate "2015.01.24"]
[EventType "swiss"]
[EventRounds "6"]
[EventCountry "BUL"]
[SourceTitle "CBM 164 Extra"]
[Source "ChessBase"]
[SourceDate "2015.03.02"]
[SourceVersion "1"]
[SourceVersionDate "2015.03.02"]
[SourceQuality "1"]

1. e4 c5 2. Nf3 d6 3. d4 cxd4 4. Nxd4 Nf6 5. Nc3 a6 6. Bg5 e6 7. f4 Nbd7 8. Qf3 Qc7 9. 0-0-0 b5 10. g4 Bb7 11. Bd3 b4 12. Nce2 d5 13. Bxf6 Nxf6 14. e5 Ne4 15. Ng3 Nc5 16. Rhe1 Nxd3+ 17. Qxd3 Bc5 18. f5 Bxd4 19. Qxd4 Rc8 20. Rd2 Qc5 21. Qf4 Qc4 22. Nh5 Qxf4 23. Nxf4 Rc4 24. Rf2 exf5 25. gxf5 Re4 26. Rxe4 dxe4 27. e6 Ke7 28. Rd2 Rd8 29. Rxd8 Kxd8 30. exf7 Ke7 31. Ne6 Kxf7 32. Nd8+ Kf6 33. Nxb7 1-0